Làm phim với 3ds max @ : từ ý tưởng đến thành phẩm /

محفوظ في:
التفاصيل البيبلوغرافية
المؤلف الرئيسي: Lưu Triều Nguyên
التنسيق: كتاب
اللغة:Vietnamese
منشور في: Lao động xã hội 2006
الوسوم: إضافة وسم
لا توجد وسوم, كن أول من يضع وسما على هذه التسجيلة!
Thư viện lưu trữ: Mạng thư viện Đại học Đà Nẵng
LEADER 00725nam a2200265 4500
001 000027711
003 LP3DS
005 20150403120000.0
008 150403s vm 000 vie
020 |c 0,0000 
040 |a notts 
100 |a Lưu Triều Nguyên 
245 |a Làm phim với 3ds max @ : từ ý tưởng đến thành phẩm /  |c Lưu Triều Nguyên (chủ biên), Nguyễn Văn Hùng, Hoàng Đức Hải. 
260 |b Lao động xã hội  |c 2006 
OWN |a LTT 
999 |a From the UDN01 
TYP |a Monograph 
TYP |a Printed language 
980 |a Mạng thư viện Đại học Đà Nẵng